000 00904nam a2200265Ia 4500
003 OSt
005 20220930082029.0
006 a|||||r|||| 00| 0
007 ta
008 220926b |||||||| |||| 00| 0 hin d
024 _a109658
037 _cTheses
040 _aCRL
_cCRL
_bhin
041 _2hin
_ahin
100 _aSrivastav Sandhya
_9542603
110 _aVanasthali Vidhyapeeth, Rajasthan. Vanasthali Vidhyapeeth. Department of Sanskrit
_9542604
245 0 _aPandit Vayunandan Mishr dwara sanklit grahshanti paddhati ke mantron ka sameekshatmak adhyayan
260 _c2008
300 _a435p.
_ap.
_ccm.
650 _aSANSKRIT
700 _a Dr. Devender Nath Pandey Gu.
_9542605
700 _aVanasthali Vidhyapeeth, Rajasthan. Vanasthali Vidhyapeeth. Department of Sanskrit
_9542606
942 _cDIS
_2CC
999 _c872393
_d872393